Призрачният кораб (Запис номер 205019)
[ съкратено ]
| 000 -Лидер | |
|---|---|
| Контролно поле с фиксирана дължина | 01753nam a2200397 c 4500 |
| 003 - Код на организацията, давaща контролен номер | |
| Контролно поле | BLK |
| 005 - Дата и час на последна редакция | |
| Контролно поле | 20250212113503.0 |
| 008 - Елементи от данни с фиксирана дължина | |
| fixed length control field | 180411b bul|||||r ||||||| ||bul|| |
| 010 ## - Наследен системен номер | |
| LC control number | KNG00214598000 |
| 020 ## - Международен стандартен номер на книга ISBN | |
| Международен стандартен номер на книга ISBN | 978-954-2928-68-3 |
| 040 ## - Източник на каталожния запис | |
| Идентификатор на билиотеката - собственик на записа | BLK |
| 041 ## - Код за език | |
| Код за езика на текст/звукозапис или на отделно заглавие | Български |
| Код за езика КДБФ | Български |
| 072 #7 - Код за тематичната категория | |
| Код организация | bullib |
| Код за тематична категория | Н83 |
| Текст | Чужда художествена литература Н |
| 080 ## - УДК | |
| Текстов определител УДК | Американска литература (на САЩ) |
| УДК код - определител по УДК | 821.111(73) |
| УДК определител | -312.4 |
| УДК - код + определител | 821.111(73)-312.4 |
| 100 1# - Редна дума - Автор | |
| Автор | Къслър, Клайв |
| Авторска отговорност | първи автор |
| R(LIN) | 277338 |
| 139 ## - Редно поле | |
| Редна дума | Каслър, Клайв и др. |
| Авторски знак | Кас - К 45 |
| 245 10 - Сведения за заглавието | |
| Заглавие | Призрачният кораб |
| Редно поле (дума) | Клайв Къслър; * Клайв Каслър; съавт. Греъм Браун; прев. от англ. Емануил Томов. |
| 257 ## - Страна на издаване | |
| Страна на създаване/издаване | Съединени американски щати |
| 260 ## - Област на издателските данни | |
| Име на издателя, разпространителя и проч. | Pro Book |
| Година на издаване | 2014 |
| Печатница | Скала принт |
| 300 ## - Физическа характеристика | |
| Страници | 400 с. |
| Размери/Мащаб | 21 см |
| 380 ## - Жанр | |
| Жанр | Худож. лит. |
| 490 1# - СЕРИИ (Колекции) | |
| Име на серия | Архивите на НАМПД)(Приключенията на Кърт Остин |
| 500 ## - Общи забележки | |
| Забележка | Ориг. загл.: Ghost ship / Clive Cussler, Graham Brown. - Името на прев. отбелязано на гърба на предзагл. с. - Биогр. данни за авт. отбелязани на гърба на кор. |
| 659 ## - Тематичен бюлетин | |
| Тематичен бюлетин | Н |
| 700 1# - Други автори (авторска отговорност) | |
| Лично име | Каслър, Клайв |
| Автороска отговорност (Описва отношението между автора и произведението) | * |
| 9 (RLIN) | 364148 |
| 700 1# - Други автори (авторска отговорност) | |
| Лично име | Браун, Греъм |
| Автороска отговорност (Описва отношението между автора и произведението) | съавт. |
| 9 (RLIN) | 382039 |
| 700 ## - Други автори (авторска отговорност) | |
| Лично име | Томов, Емануил Христов |
| Дати, свързани с автора | 1986- |
| 9 (RLIN) | 368960 |
| 852 ## - Местоположение | |
| Форматна сигнатура | Цб 288349 |
| 856 4# - Електронен адрес и достъп | |
| Електронен формат | pdf - файл |
| 856 4# - Електронен адрес и достъп | |
| Електронен формат | pdf - файл |
| 999 ## - СИСТЕМНИ КОНТРОЛНИ НОМЕРА | |
| Koha biblionumber | 205019 |
| Koha biblioitemnumber | 205019 |
| 942 ## - АРТИКУЛИ | |
| Вид на библиотечния материал | Книги |
| Скрит в OPAC | Не |
| Koha issues (borrowed), all copies | 43 |
| 944 ## - СЪЗДАВАНЕ И РЕДАКЦИЯ на ЗАПИСА | |
| Създаване/Редакция | Създаване |
| Дата на регистрацията/редакция | 23.11.2017 |
| Служител, извършил регистрацията/редакцията | 30575 |
| Статус, дата на статуса | Мартин Енчев |
| 944 ## - СЪЗДАВАНЕ И РЕДАКЦИЯ на ЗАПИСА | |
| Създаване/Редакция | Редакция |
| Дата на регистрацията/редакция | 23.01.2018 |
| Служител, извършил регистрацията/редакцията | Грета_Цуфелде |
| 999 ## - СИСТЕМНИ КОНТРОЛНИ НОМЕРА | |
| Koha biblioitemnumber | 205019 |
| 999 ## - СИСТЕМНИ КОНТРОЛНИ НОМЕРА | |
| Koha biblioitemnumber | 205019 |
| Код за отписване | Код за изгубен артикул | Код за повреда | Коз за рестрикции | Код за отдаване | Артикулен № | Име на библиотеката - собственик | Име на библиотеката, в която се намира в момента | Статус (Текущо местоположение) | Дата на вписване в системата | Местоположение - отдел | Цена в лева | Инвентарен номер | Систематично азбучна сигнатура | Баркод | Номер на екземпляра | Цена в евро | Служебна бележка | Служебен тип на артикула | Източник на класификационната схема |
|---|---|---|---|---|---|---|---|---|---|---|---|---|---|---|---|---|---|---|---|
| Не е изгубен | Не е повреден | без рестрикции | ползва се в читалня | 353167 | Регионална библиотека "Любен Каравелов" Русе | Регионална библиотека "Любен Каравелов" Русе | Хранилище | 2017-11-28 | Хранилище | 15.99 | 120000817301 | Цб 288349 | 120000817301 | 1 | 8.18 | Дост: Dp Вид: Д N: 44 Дата: 05.10.2017 | Книги | ||
| Не е изгубен | Не е повреден | без рестрикции | заемане за дома | 730922 | Регионална библиотека "Любен Каравелов" Русе | Регионална библиотека "Любен Каравелов" Русе | Заемна - подръчен фонд | 2019-07-18 | Заемна - подръчен фонд | 15.99 | П 820(73)/К 45 | 120000834544 | 8.18 | Книги | Universal Decimal Classification |